Paul of Tarsus. (Record no. 5160)

000 -LEADER
fixed length control field 00539nam a2200181 a 4500
001 - CONTROL NUMBER
control field :::00002901$&:&@@
003 - CONTROL NUMBER IDENTIFIER
control field OkBaRHE
005 - DATE AND TIME OF LATEST TRANSACTION
control field 20000607103258.0
008 - FIXED-LENGTH DATA ELEMENTS--GENERAL INFORMATION
fixed length control field j 000 0 eng u
040 ## - CATALOGING SOURCE
Transcribing agency
100 1# - MAIN ENTRY--PERSONAL NAME
Personal name Glover, T. R. (Terrot Reaveley),
245 10 - TITLE STATEMENT
Title Paul of Tarsus.
260 ## - PUBLICATION, DISTRIBUTION, ETC. (IMPRINT)
Place of publication, distribution, etc New York, NY., :
Name of publisher, distributor, etc George H. Doran Co.
Date of publication, distribution, etc nd
300 ## - PHYSICAL DESCRIPTION
Extent 256 p. ;
Dimensions 20 cm.
650 ## - SUBJECT ADDED ENTRY--TOPICAL TERM
Topical term or geographic name as entry element Paul, Saint, apostle
942 ## - ADDED ENTRY ELEMENTS (KOHA)
Source of classification or shelving scheme
Koha item type Books
Copies
Lost status Shelving location Barcode Koha item type Permanent Location Withdrawn status Full call number Damaged status Date last seen Price effective from Date acquired Copy number Source of classification or shelving scheme Not for loan
 General Stacks2901BooksRHEMA Bible Training College BS 2505 .G55 2018-03-162010-04-142010-04-141